LDR 00680naa#a2200181#i#450# 001 EN\\bibl\120535 005 20260503190322.7 011 ## _a2500-1825 100 ## _a20260331b2026####ek#y0engy0150####ca 102 ## _aRU 200 1# _aMETHODOLOGICAL BASES FOR THE DIGITAL TRANSFORMATION OF THE SIBERIAN MACRORGION’S ECONOMY _eJournal article 210 1# _aKrasnoyarsk _cKrasnoyarsk State Agrarian University _d2026 215 ## _a10 с. 608 ## _aJournal article _2local 675 ## _aЭкономика. Народное хозяйство. Экономические науки. 33 _z 700 #1 _aLukinyh _gValeriy Fedorovich 700 #1 _aAvramchikov _gVyacheslav Mihaylovich 856 4# _asej.kgau.ru _u